| 000 | 01115nam a22003137a 4500 | ||
|---|---|---|---|
| 003 | CHAP | ||
| 005 | 20220329135920.0 | ||
| 008 | 971013s1972 r 00010 d | ||
| 010 | _a44062 | ||
| 011 | _a45034 | ||
| 035 | _a49173 | ||
| 040 | _cCHAP | ||
| 090 | _aTesis | ||
| 100 | 0 | 0 |
_aRamírez Díaz, Juan Manuel. _993970 |
| 245 | _aEfecto al recortar el patrón sobre el prendimiento y desarrollo inicial del injerto de mango (Mangifera indica L.) var. Kent. y su relación con el fenómeno de dominicana apical | ||
| 260 |
_aChapingo, Méx. : _bEl autor, _c1972 |
||
| 300 | _a48 h. | ||
| 502 | _aTesis (Ing. Agr. Esp. en Fitotecnia) -- ENA. Departamento de Fitotecnia | ||
| 590 |
_aALEPH _b10 _c20130110 _lUCH01 _h1313 |
||
| 590 |
_aBATCH-UPD _b10 _c20130110 _lUCH01 _h2147 |
||
| 590 |
_aBATCH-UPD _b10 _c20130410 _lUCH01 _h1456 |
||
| 590 |
_aBATCH-UPD _b10 _c20130914 _lUCH01 _h1743 |
||
| 590 |
_aCONVERSION _b10 _c20130109 _lUCH01 _h1324 |
||
| 650 | 1 | 4 |
_aMango _xInjertos. _970429 |
| 901 | _aBK | ||
| 942 | _cFOLL | ||
| 949 |
_bBC _cTES _d-111012 _eTS1 _i49173 _si |
||
| 949 |
_bBC _cTES _d-111015 _eTS2 _fc.2 _i49173 _si |
||
| 999 |
_c44062 _d44062 |
||